000 00430nam a2200169Ia 4500
008 230524s9999 xx 000 0 und d
020 _a0684840154
082 _a401.11
_bCOV
100 _aStephen R.Covey
_916929
245 4 _aThe Habits of Highly Effective Familes
250 _a1ST
260 _aNEW DELHI
_bSimon
_c1997
300 _aX;392
500 _aQuantity Number: 1
650 _aMiscellaneous
_91877
942 _cBK
999 _c25620
_d25620